000 00452nam a2200193Ia 4500
008 240510s9999 xx 000 0 und d
020 _a0000835954455
041 _aEng
082 _a005.43
082 _bH85
100 _aHUME, J.N.P : HOLT, R.C.
245 0 _aPascal under UNIX
260 _bVirginia : Reston
260 _c1983
300 _a386 p.
650 _aOperating systems : Programming languages
942 _2ddc
942 _cLBK
999 _c26114
_d26114
945 _a1
_bMadushi Gamage
_c1
_dMadushi Gamage